000 00819nam a2200277 i 4500
001 C2-0329262
003 PPAK
005 20180728130350.0
008 141203s2010 my a|||| ||||| | may d
020 _a9789675401589
040 _aPPAK
_beng
_cPPAK
_erda
082 0 4 _a372.21
_223
090 0 0 _a372.21
_bAKH
_dK
245 0 0 _aAkhlak muslim : menurut contoh Rasulullah SAW
264 1 _aKuala Lumpur :
_bBlue-T Publication ,
_c2010
300 _a45 pages :
_bcolour illustrations ;
_c25 cm
336 _2rdacontent
_atext
337 _2rdamedia
_aunmediated
338 _2rdacarrier
_avolume
490 1 _aSiri saya suka ke sekolah
650 1 0 _aEarly childhood education.
700 0 _aHaidar Yutim,
_ecompile
700 0 _aSaadah Taib,
_eeditor
830 0 _aSiri saya suka ke sekolah
942 _ddc
_cB
999 _c128507
_d128507